| 000 | 00872nam a2200181Ia 4500 | ||
|---|---|---|---|
| 003 | GCL | ||
| 008 | 140319s9999 xx 000 0 ara d | ||
| 040 |
_aGCL / _cGCL |
||
| 082 | 0 | 4 |
_a263.5 _bع د |
| 100 | 1 | _aابن العربى : محيى الدين ابو بكر محمد بن على بن محمد بن احمد بن عبدالله الحاتمى الطائى الاندلسى | |
| 245 | 1 | 0 |
_aديوان ابن عربى / _cابن العربى : محيى الدين ابو بكر محمد بن على بن محمد بن احمد بن عبدالله الحاتمى الطائى الاندلسى |
| 260 |
_aالقاهرة : _bمطبعة بولاق ، _c1855 |
||
| 300 |
_a478 ص ؛ _c30 سم |
||
| 650 | 0 | 4 | _aالشعر العربى |
| 650 | 0 | 4 | _aدواوين وقصائد |
| 650 | 0 | 4 | _aابن العربى، محيى الدين بكر، 1165-1240م |
| 942 |
_2ddc _cBK |
||
| 999 |
_c54015 _d54015 |
||